UK foreign-born population 2008 Quiz Stats

Quiz not verified by Sporcle

Also try: Country per Letter
Challenge
Share
Tweet
Embed
Score 0/20 Timer 05:00
0 Plays Today
Rank Country % Correct
1India
96.3%
12France
95.6%
8United States
93%
18China
91.9%
3Pakistan
90.9%
5Germany
90.7%
13Australia
90.2%
4Ireland
88.5%
2Poland
83.4%
17Italy
82%
Rank Country % Correct
6South Africa
81.8%
7Bangladesh
70.7%
10Nigeria
62.8%
11Kenya
53.8%
9Jamaica
51.5%
15Sri Lanka
51.1%
14Zimbabwe
43.6%
20Ghana
42.9%
16Philippines
42.1%
19Somalia
39.2%

You're not logged in!

Compare scores with friends on all Sporcle quizzes.
Sign Up with Email
OR
Log In

You Might Also Like...

Show Comments

Extras

Top Quizzes Today


Score Distribution

Your Account Isn't Verified!

In order to create a playlist on Sporcle, you need to verify the email address you used during registration. Go to your Sporcle Settings to finish the process.